| 000 | 00345nam a2200121Ia 4500 | ||
|---|---|---|---|
| 008 | 231129s1955||||xx |||||||||||||| ||spa|| | ||
| 082 | _aOEM- 1705 | ||
| 100 | _aDe Madariaga Salvador | ||
| 245 | 0 | _aEl auge del imperio español en América | |
| 260 | _c1955 | ||
| 264 | _aBuenos Aires: Compañía Impresora Argentina 1955 | ||
| 942 |
_2ddc _cBKS |
||
| 999 |
_c10327 _d10327 |
||